Central Library OPAC University of Rajshahi

The English mind : (Record no. 18117)

MARC details
000 -LEADER
fixed length control field 01046nam a22003131 4500
001 - CONTROL NUMBER
control field 18117
003 - CONTROL NUMBER IDENTIFIER
rucl marc code BD-RjUL
005 - DATE AND TIME OF LATEST TRANSACTION
control field 20211209000235.0
008 - FIXED-LENGTH DATA ELEMENTS--GENERAL INFORMATION
fixed length control field 140219s1964 enk b 000 0 eng
035 ## - SYSTEM CONTROL NUMBER
System control number (BD-RjUL)18175
System control number (OCoLC)371062
040 ## - CATALOGING SOURCE
Original cataloging agency DLC
Transcribing agency ODaWU
Modifying agency OCoLC
-- TNJ
-- Uk
-- DLC
-- BD-RjUL
Language of cataloging eng
041 ## - LANGUAGE CODE
Language code of text/sound track or separate title eng
082 ## - DEWEY DECIMAL CLASSIFICATION NUMBER
Classification number 192.09
Author mark and year DAE 1964
100 1# - MAIN ENTRY--PERSONAL NAME
Personal name Davies, Hugh Sykes,
Dates associated with a name 1909-1984,
9 (RLIN) 55828
245 14 - TITLE STATEMENT
Title The English mind :
Remainder of title studies in the English moralists presented to Basil Willey /
Statement of responsibility, etc. Hugh Sykes Davies
260 ## - PUBLICATION, DISTRIBUTION, ETC. (IMPRINT)
Place of publication, distribution, etc. Cambridge [Eng.] :
Name of publisher, distributor, etc. University Press,
Date of publication, distribution, etc. c1964.
300 ## - PHYSICAL DESCRIPTION
Pagination viii, 302 p. ;
Size 23 cm.
504 ## - BIBLIOGRAPHY, ETC. NOTE
Bibliography, etc Includes bibliography.
600 10 - SUBJECT ADDED ENTRY--PERSONAL NAME
Personal name Willey, Basil,
Dates associated with a name 1897-
650 #0 - SUBJECT ADDED ENTRY--TOPICAL TERM
Topical term or geographic name as entry element Philosophy, English.
9 (RLIN) 55829
Topical term or geographic name as entry element Ethics
Geographic subdivision Great Britain
General subdivision History.
9 (RLIN) 5436
Topical term or geographic name as entry element English literature
General subdivision History and criticism.
9 (RLIN) 52967
700 1# - ADDED ENTRY--PERSONAL NAME
Personal name Willey, Basil,
Dates associated with a name 1897-
Personal name Watson, George,
Dates associated with a name 1927-
Relator term joint ed.
942 ## - ADDED ENTRY ELEMENTS (KOHA)
Source of classification or shelving scheme Dewey Decimal Classification
Koha item type Books
Holdings
Lost status Source of classification or shelving scheme Damaged status Not for loan Collection code Permanent Location Current Location Shelving location Date acquired Source of acquisition Cost, normal purchase price Total Checkouts Full call number Date last seen Copy number Koha item type
  Dewey Decimal Classification   Not For Loan Non-fiction Central Library, University of Rajshahi Central Library, University of Rajshahi Reading Room 27/12/1969 Zeit 0.35   192.09 DAE 1964 19/02/2014 C-1 Books